Código de procedimiento civil explicación alfabetizada

में बचाया:
ग्रंथसूची विवरण
मुख्य लेखक: Cornejo Manríquez, Aníbal (लेखक)
स्वरूप: पुस्तक
भाषा:स्पेनिश
प्रकाशित: Santiago Sociedad Editora Metropolitana 2005
विषय:
टैग: टैग जोड़ें
कोई टैग नहीं, इस रिकॉर्ड को टैग करने वाले पहले व्यक्ति बनें!

MARC

LEADER 00000nam a2200000 a 4500
001 UCI3934
003 CL-VaPUC
008 071207e20050000CL |||||||||||||||||spa|d
020 |a 9562860523 
082 0 4 |a 347.83  |b COR  |2 21 
100 0 |a Cornejo Manríquez, Aníbal  |e author  |9 525518 
245 1 0 |a Código de procedimiento civil explicación alfabetizada 
300 |a 582 p 
942 |c BK 
945 |d 20071207 00:00:00  |a jtorresc 
260 |a Santiago  |b Sociedad Editora Metropolitana  |c 2005 
650 0 |a Código de procedimiento civil  |9 256305 
650 0 |a Derecho civil chileno  |9 320612 
650 7 |a JUICIO ORDINARIO  |2 CL-VaPUC  |9 254867 
650 7 |a RESPONSABILIDAD CIVIL  |2 CL-VaPUC  |9 525519 
650 7 |a JUICIOS ESPECIALES  |2 CL-VaPUC  |9 348378 
650 0 |a Procedimiento civil  |9 254870 
583 |a last modification  |c 20071207 00:00:00  |k Rodrigo Vera 
999 |c 327965  |d 327963 
952 |0 0  |1 0  |4 0  |6 347_830000000000000_COR_2005  |7 0  |8 A  |9 411547  |a BIBDER  |b BIBDER  |d 2019-11-22  |i 4394003  |o 347.83 COR 2005  |p 4394003  |r 2023-01-25  |w 2019-11-22  |y BK  |k DER